00290pab a2200121 454500008004000000100002100040245002700061260000900088300001300097362001100110650001300121773003400134180718b2017 xxu||||| |||| 00| 0 eng d aDalvie, Suchitra aRight to safe abortion c2017 ap.30-32. a19 Aug aAbortion aEconomic and Political Weekly